000 01321nam0a22003131 4500
001 rc\4997726
005 20250613064422.0
021 _aRU
_b[62-7838]
035 _a(NLR Aleph) 008991176
090 _a9247603
_c9247603
100 _a20130430d1962 |||y0rusy50 ca
101 0 _arus
102 _aRU
105 _aa z |||||
200 1 _aНовая органическая добавка к цементным растворам
_fГос. ком. Совета Министров РСФСР по координации науч.-исслед. работ. Гос. науч.-исслед. ин-т и техн. информации
210 _aМосква
_cБ. и.
_d1962
215 _a19 с., 1 л. табл.
_cграф.
_d20
225 1 _aПеревод
_v№ 242/62Б
_i[Бурение]
300 _aНа обл. авт. не указаны
300 _aСтатья из "J. petroleum technology", 1960, XI , v. 12, № 9
606 _aЦементные растворы
_xДобавки органические
_2psbo
606 _aНефтяные скважины
_xТампонаж
_jИностранный опыт
_2psbo
700 1 _aСтаут
_bС.М.
701 1 _aУол
_bУ.У.
801 0 _aRU
_bNLR
_gpsbo
801 1 _aRU
_bELAR
_2rusmarc
852 _aNLR
_j62-4/3342
942 _cBOOK
980 _aNB